| 000 | 00595nam a22001817a 4500 | ||
|---|---|---|---|
| 999 |
_c194974 _d194974 |
||
| 005 | 20230206105758.0 | ||
| 010 | _aENG-136121 | ||
| 020 | _c100.00 | ||
| 035 | _aEN-119653 | ||
| 037 | _bDBAD/PUB | ||
| 082 | _a909.09767 | ||
| 100 | _aMaududi, Sayyid Abul A'la | ||
| 245 |
_aUnderstanding Islamic Civilization/ _cSayyid Abul A'la Maududi |
||
| 260 |
_aNew Delhi _bMarkazi Maktaba Islami Publishers _c2014 |
||
| 270 |
_aD-307, Dawat Nagar, Abul Fazl Enclave, Jamia Nagar, Okhla _bNew Delhi _e110025 |
||
| 300 |
_a218p. _bIndex _c22cm(pbk) |
||
| 942 |
_2ddc _cEN _h909.09767 _mMAU |
||